000 00326nam a22001337a 4500
008 250314b |||||||| |||| 00| 0 eng d
020 _a9783527307845
050 _aQH505
_b.P76
100 _aBuchner Johannes
245 _aProtein Folding Handbook
260 _aWeinheim
_bWiley-VCH
_c2005
300 _aLXIV,572P
942 _cBK
999 _c2321
_d2321